[Event "Skopje ol (Men) fin-A"]
[Site "Skopje"]
[Date "1972.10.04"]
[Round "8.4"]
[White "Filipowicz, Andrzej"]
[Black "Vogt, Lothar"]
[Result "1/2-1/2"]
[WhiteElo "2405"]
[BlackElo "2390"]

1. e4 e5 2. Nf3 Nc6 3. Bb5 a6 4. Ba4 Nf6 5. O-O Be7 6. Qe2 b5 7. Bb3 d6 8. a4  Bg4 9. c3 O-O 10. h3 Bd7 11. d4 Qb8 12. axb5 axb5 13. Rxa8 Qxa8 14. Rd1 h6 15.  Nbd2 Re8 16. Nf1 Bf8 17. Ng3 Na5 18. Bc2 c5 19. dxe5 dxe5 20. Nh5 Nxh5 21. Rxd7  Nf6 22. Rd1 c4 23. Nh2 Rd8 24. Ng4 Rxd1+ 25. Qxd1 Nxg4 26. hxg4 Nb7 27. b3 Nc5  28. bxc4 1/2-1/2

[Event "Skopje ol (Men) fin-A"]
[Site "Skopje"]
[Date "1972.10.04"]
[Round "8.4"]
[White "Gereben, Erno"]
[Black "Savon, Vladimir A"]
[Result "0-1"]
[WhiteElo "2335"]
[BlackElo "2595"]

1. Nf3 Nf6 2. c4 g6 3. Nc3 Bg7 4. g3 O-O 5. Bg2 d6 6. O-O Nc6 7. d3 a6 8. Rb1  Rb8 9. Bg5 b5 10. Nd2 Bd7 11. cxb5 axb5 12. Nb3 Ne5 13. Qd2 c5 14. f4 Nc6 15.  e3 b4 16. Bxf6 Bxf6 17. Nd5 Bg7 18. e4 Ra8 19. Ra1 Nd4 20. Nxd4 Bxd4+ 21. Kh1  Ra6 22. h4 e6 23. Ne3 Qa8 24. Nc4 Rxa2 25. Rxa2 Qxa2 26. f5 exf5 27. exf5 Bxf5  28. Bd5 Be6 29. Bxe6 Qa8+ 30. Kh2 fxe6 31. Rxf8+ Qxf8 32. Qe2 Qe7 33. b3 Kg7  34. Nd2 d5 35. Nf3 Bf6 36. Qe3 h6 37. Kg2 Bc3 38. Qf4 e5 39. Qe3 e4 40. dxe4  dxe4 41. Nh2 Bd4 42. Qe2 Qe6 0-1

[Event "Skopje ol (Men) fin-A"]
[Site "Skopje"]
[Date "1972.10.04"]
[Round "8.4"]
[White "Matulovic, Milan"]
[Black "Ungureanu, Emil"]
[Result "1/2-1/2"]
[WhiteElo "2525"]
[BlackElo "2410"]

1. e4 c5 2. Nf3 Nc6 3. d4 cxd4 4. Nxd4 Nf6 5. Nc3 d6 6. Bg5 e6 7. Qd2 Be7 8.  O-O-O O-O 9. f4 Nxd4 10. Qxd4 Qa5 11. e5 dxe5 12. Qxe5 Qxe5 13. fxe5 Nd5 14.  Bxe7 Nxe7 15. Bd3 a6 16. Be4 Ra7 17. Rd6 b5 18. b4 Rc7 19. Kb2 f5 20. exf6 gxf6  21. g4 Ng6 22. Bxg6 hxg6 23. Re1 1/2-1/2

[Event "Skopje ol (Men) fin-A"]
[Site "Skopje"]
[Date "1972.10.04"]
[Round "8.4"]
[White "Pedersen, Eigil"]
[Black "Sax, Gyula"]
[Result "1-0"]
[WhiteElo "2370"]
[BlackElo "2445"]

1. e4 c5 2. Nc3 Nc6 3. g3 g6 4. Bg2 Bg7 5. d3 d6 6. Be3 Nd4 7. Qd2 Nf6 8. h3  O-O 9. Nce2 e5 10. c3 Nc6 11. f4 Re8 12. Nf3 c4 13. O-O cxd3 14. Qxd3 exf4 15.  Nxf4 Nxe4 16. g4 Nc5 17. Qd2 Na5 18. Bxc5 dxc5 19. Qf2 Be6 20. Nxe6 fxe6 21.  Qxc5 b6 22. Qf2 Rc8 23. Rad1 Qe7 24. Nd4 Kh8 25. Rfe1 e5 26. b4 Rf8 27. Qe2  Rxc3 28. Nb5 Rc4 29. a3 Rcf4 30. Nd6 Nb3 31. Qe3 Qh4 32. Qxb3 Qf2+ 33. Kh1 Rf3  34. Qd5 Rg3 35. Rf1 1-0

[Event "Skopje ol (Men) fin-A"]
[Site "Skopje"]
[Date "1972.10.04"]
[Round "8.4"]
[White "Uddenfeldt, Dan"]
[Black "Peev, Peicho Chonev"]
[Result "1/2-1/2"]
[WhiteElo "2270"]
[BlackElo "2425"]

1. c4 Nf6 2. Nc3 g6 3. g3 Bg7 4. Bg2 O-O 5. Nf3 d6 6. d4 Nc6 7. O-O e5 8. d5  Ne7 9. Bd2 Nd7 10. b4 f5 11. Qb3 Kh8 12. Rac1 h6 13. e4 Nf6 14. Ne1 fxe4 15.  Nxe4 Nxe4 16. Bxe4 Bh3 17. Ng2 Nf5 18. Qd3 Qf6 19. c5 Rae8 20. cxd6 cxd6 21.  Rc7 Re7 22. Rxe7 Qxe7 23. Rc1 Nd4 24. Be3 g5 25. Ne1 a6 26. Nc2 Qf6 27. Qd1 Bd7  28. Na3 Ba4 29. Qxa4 Ne2+ 30. Kh1 Nxc1 31. Qc2 Nxa2 32. Qxa2 Rc8 33. Qd2 Qf7  34. Bb6 Bf8 35. Kg2 Be7 36. Qe2 Rc3 37. Qb2 Rc8 38. Be3 b5 39. Nb1 Bd8 40. Qe2  Rc4 41. Bd2 Bb6 42. f3 g4 43. Na3 gxf3+ 44. Bxf3 Rc8 45. Bxh6 Rc3 46. Nb1 Rxf3  47. Qxf3 Qg6 48. Qf8+ Kh7 49. Nd2 Qxh6 50. Qxh6+ Kxh6 51. Ne4 a5 52. bxa5 Bxa5  53. Nxd6 b4 54. Nc4 b3 55. Kf3 Kg5 56. Ke4 Bc3 57. Kd3 Bd4 58. Nd2 b2 59. Ke4  Kf6 60. g4 Bc3 61. Nb1 Be1 62. h3 Bf2 63. Kd3 Be1 64. Kc2 e4 65. Kxb2 Ke5 66.  Kc2 Kxd5 67. Kd1 Bh4 68. Ke2 Ke5 69. Nd2 Kf4 70. Nf1 Bd8 71. Kf2 Bh4+ 72. Ke2  Bd8 73. Nd2 Be7 1/2-1/2

[Event "Skopje ol (Men) fin-A"]
[Site "Skopje"]
[Date "1972.10.04"]
[Round "8.4"]
[White "Visier Segovia, Fernando"]
[Black "Enklaar, Bertus F"]
[Result "0-1"]
[WhiteElo "2365"]
[BlackElo "2410"]

1. d4 Nf6 2. c4 c5 3. d5 e6 4. Nc3 exd5 5. cxd5 d6 6. e4 g6 7. Nf3 Bg7 8. Be2  O-O 9. Bg5 h6 10. Bf4 Qe7 11. Nd2 Nbd7 12. O-O a6 13. a4 Rb8 14. Re1 Ne8 15. a5  Ne5 16. Nc4 Nc7 17. Nb6 Bd7 18. Nxd7 Nxd7 19. Qd2 Kh7 20. Ra3 Rfe8 21. Bf1 b6  22. Nd1 g5 23. Bg3 f5 24. f4 Bd4+ 25. Kh1 g4 26. exf5 Qf7 27. Re6 Nxd5 28. Rxd6  N7f6 29. Bd3 Ra8 30. Bb1 Kh8 31. Ba2 Ne4 32. Rxh6+ Kg7 33. Bxd5 Qxd5 34. Rg6+  Kf7 35. Nf2 Nxd2 0-1

[Event "Skopje ol (Men) fin-A"]
[Site "Skopje"]
[Date "1972.10.05"]
[Round "9.1"]
[White "Hug, Werner"]
[Black "Bobotsov, Milko G"]
[Result "1/2-1/2"]
[WhiteElo "2475"]
[BlackElo "2455"]

1. e4 c5 2. Nc3 Nc6 3. f4 e6 4. Nf3 a6 5. g3 d5 6. d3 Nf6 7. Bd2 Be7 8. Bg2 b5  9. Ne5 Bb7 10. Nxc6 Bxc6 11. e5 Nd7 12. Qg4 g6 13. O-O Qc7 14. Rae1 Nb6 15. Nd1  a5 16. Qe2 b4 17. Ne3 a4 18. c4 dxc4 19. Nxc4 Nxc4 20. dxc4 Qb7 21. Be3 Bxg2  22. Qxg2 Qxg2+ 23. Kxg2 O-O-O 24. Rd1 Kc7 25. Kf3 h5 26. Ke2 Kc6 27. Rxd8 Rxd8  28. Rd1 Rxd1 29. Kxd1 f5 30. exf6 Bxf6 31. b3 axb3 32. axb3 e5 33. fxe5 Bxe5  34. Ke2 Bd6 35. Kf3 Kd7 36. Bf4 Be7 37. Ke4 Ke6 38. Be5 Bf8 39. h3 Be7 40. Bf4  Bf8 41. Be3 Bd6 42. Bf2 Bf8 1/2-1/2

[Event "Skopje ol (Men) fin-A"]
[Site "Skopje"]
[Date "1972.10.05"]
[Round "9.1"]
[White "Kavalek, Lubomir"]
[Black "Gheorghiu, Florin"]
[Result "1-0"]
[WhiteElo "2555"]
[BlackElo "2520"]

1. e4 c5 2. Nf3 d6 3. d4 cxd4 4. Nxd4 Nf6 5. Nc3 a6 6. Bg5 e6 7. f4 Nbd7 8. Qf3  Qc7 9. O-O-O b5 10. Bd3 Bb7 11. Rhe1 b4 12. Nd5 exd5 13. exd5+ Kd8 14. Bf5 Be7  15. Be6 Rf8 16. Bxf7 Rxf7 17. Ne6+ Kc8 18. Nxc7 Kxc7 19. Qe2 a5 20. Rd4 Bf8 21.  Qb5 Nc5 22. Bxf6 Rxf6 23. Re8 Rxe8 24. Qxe8 g5 25. fxg5 Rf1+ 26. Rd1 Rf2 27.  Qh5 Kb6 28. Qxh7 Bc8 29. Qh4 Rxg2 30. Qf4 Be7 31. h4 Bg4 32. Re1 Bh5 33. Rxe7  Rg1+ 34. Kd2 Rd1+ 35. Ke3 Re1+ 36. Kf2 1-0

[Event "Skopje ol (Men) fin-A"]
[Site "Skopje"]
[Date "1972.10.05"]
[Round "9.1"]
[White "Pomar Salamanca, Arturo"]
[Black "Garcia, Raimundo"]
[Result "1/2-1/2"]
[WhiteElo "2460"]
[BlackElo "2420"]

1. Nf3 g6 2. g3 Bg7 3. d4 Nf6 4. Bg2 O-O 5. O-O d6 6. b3 Nc6 7. Bb2 e5 8. dxe5  Nd7 9. Nc3 Ndxe5 10. Nxe5 Nxe5 11. Qd2 Be6 12. Rad1 Qd7 13. Ne4 Bh3 1/2-1/2

[Event "Skopje ol (Men) fin-A"]
[Site "Skopje"]
[Date "1972.10.05"]
[Round "9.2"]
[White "Ciocaltea, Victor"]
[Black "Byrne, Robert E"]
[Result "1/2-1/2"]
[WhiteElo "2470"]
[BlackElo "2560"]

1. e4 c5 2. Nf3 Nc6 3. Bb5 e6 4. O-O a6 5. Bxc6 bxc6 6. d3 Ne7 7. Nc3 Ng6 8.  Ng5 f6 9. Nh3 Be7 10. f4 O-O 11. b3 d6 12. Bd2 f5 13. exf5 exf5 14. Qh5 Ra7 15.  Rae1 Bf6 16. Ng5 Bxg5 17. Qxg5 Qxg5 18. fxg5 Re7 19. Rxe7 Nxe7 20. Rf4 Nd5 21.  Nxd5 cxd5 22. Ra4 Bb7 23. Bf4 Rd8 24. b4 Kf7 25. Ra5 cxb4 26. Ra4 Rd7 27. Rxb4  Bc8 1/2-1/2

[Event "Skopje ol (Men) fin-A"]
[Site "Skopje"]
[Date "1972.10.05"]
[Round "9.2"]
[White "Darga, Klaus"]
[Black "Jakobsen, Ole"]
[Result "1/2-1/2"]
[WhiteElo "2540"]
[BlackElo "2440"]

1. g3 c5 2. Bg2 g6 3. Nf3 Bg7 4. O-O Nc6 5. d3 d6 6. c3 Nf6 7. a3 O-O 8. b4 Bd7  9. Bb2 Qc8 10. Nbd2 Bh3 11. Rb1 Bxg2 12. Kxg2 b6 13. c4 Qb7 14. Bxf6 Bxf6 15.  Ne4 cxb4 16. Nxf6+ exf6 17. axb4 b5 18. Kg1 Rfe8 19. Qd2 Ne5 20. Nxe5 fxe5 21.  Rfc1 Rec8 22. Rb2 Rab8 1/2-1/2

[Event "Skopje ol (Men) fin-A"]
[Site "Skopje"]
[Date "1972.10.05"]
[Round "9.2"]
[White "Forintos, Gyozo V"]
[Black "Ivkov, Borislav"]
[Result "1/2-1/2"]
[WhiteElo "2495"]
[BlackElo "2520"]

1. d4 e6 2. c4 Nf6 3. Nc3 d5 4. Nf3 c5 5. cxd5 exd5 6. g3 Nc6 7. Bg2 Be7 8. O-O  O-O 9. Be3 c4 10. Ne5 Be6 11. Nxc6 bxc6 12. b3 cxb3 13. axb3 Bd6 14. Na4 Bf5  15. Qc1 Qc7 16. Nc5 Rfe8 17. Ra2 Nd7 18. Nxd7 Bxd7 19. Bf4 Bxf4 20. Qxf4 Qxf4  1/2-1/2

[Event "Skopje ol (Men) fin-A"]
[Site "Skopje"]
[Date "1972.10.05"]
[Round "9.2"]
[White "Ree, Hans"]
[Black "Bednarski, Jacek B"]
[Result "1/2-1/2"]
[WhiteElo "2480"]
[BlackElo "2395"]

1. c4 c5 2. Nf3 g6 3. d4 cxd4 4. Nxd4 Nc6 5. e4 Nf6 6. Nc3 d6 7. f3 Nxd4 8.  Qxd4 Bg7 9. Be3 O-O 10. Qd2 Be6 11. Rc1 Qa5 12. Nd5 Qxa2 13. Nxe7+ Kh8 14. Bd4  Rfe8 15. Nd5 Bxd5 16. cxd5 Rac8 17. Be2 Qa4 18. O-O Kg8 19. Bc3 Qb3 20. Rfd1  Nd7 21. Bxg7 Kxg7 22. Qd4+ Kg8 23. f4 Rc2 24. Rxc2 Qxc2 25. Bf3 a5 26. h3 Qc5  1/2-1/2

[Event "Skopje ol (Men) fin-A"]
[Site "Skopje"]
[Date "1972.10.05"]
[Round "9.2"]
[White "Rubinetti, Jorge Alberto"]
[Black "Diez del Corral, Jesus"]
[Result "0-1"]
[WhiteElo "2410"]
[BlackElo "2470"]

1. e4 c5 2. Nf3 d6 3. d4 cxd4 4. Nxd4 Nf6 5. Nc3 Nc6 6. g3 e5 7. Nde2 h6 8. Bg2  Be7 9. O-O O-O 10. h3 a5 11. Be3 a4 12. Kh2 Bd7 13. b3 a3 14. Na4 Ra6 15. c4  Na7 16. Nac3 b5 17. cxb5 Nxb5 18. Rc1 Qb8 19. Qd2 Qb7 20. Rfd1 Nc7 21. f4 Rd8  22. Nd5 Nfxd5 23. exd5 exf4 24. Bxf4 Nb5 25. Rf1 Re8 26. Rc4 Bf8 27. g4 Rc8 28.  Rxc8 Qxc8 29. Ng3 Qc3 30. Qf2 Qb2 31. Bd2 f6 32. Nh5 Be8 33. Qe2 Qe5+ 34. Nf4  Nc7 35. Qf2 Bf7 36. Kh1 0-1

[Event "Skopje ol (Men) fin-A"]
[Site "Skopje"]
[Date "1972.10.05"]
[Round "9.2"]
[White "Tringov, Georgi P"]
[Black "Lombard, Andre"]
[Result "0-1"]
[WhiteElo "2460"]
[BlackElo "2380"]

1. e4 c5 2. Nf3 d6 3. d4 cxd4 4. Nxd4 Nf6 5. Nc3 e6 6. g4 a6 7. g5 Nfd7 8. Bg2  Be7 9. f4 O-O 10. Be3 Nc6 11. Qh5 Nxd4 12. Bxd4 e5 13. Be3 exf4 14. Bxf4 Ne5  15. Nd5 Be6 16. Bxe5 dxe5 17. h4 Qa5+ 18. c3 Rfe8 19. Rf1 Bf8 20. Qf3 Rad8 21.  a3 Rxd5 22. exd5 e4 23. Qd1 Bd7 24. Qb3 e3 25. Qxb7 Qa4 26. Ke2 Qc4+ 27. Ke1  Qxh4+ 28. Kd1 e2+ 29. Kc2 exf1=Q 30. Rxf1 Re2+ 31. Kb1 Qa4 32. d6 Qc2+ 33. Ka1  Rxg2 34. Rb1 Bf5 35. Rf1 Rf2 36. Re1 Re2 37. Rf1 Rd2 38. d7 Rd1+ 0-1

[Event "Skopje ol (Men) fin-A"]
[Site "Skopje"]
[Date "1972.10.05"]
[Round "9.3"]
[White "Benko, Pal C"]
[Black "Ghitescu, Theodor"]
[Result "0-1"]
[WhiteElo "2515"]
[BlackElo "2450"]

1. d4 Nf6 2. c4 c5 3. d5 e5 4. Nc3 d6 5. g3 g6 6. Bg2 Bg7 7. Nf3 O-O 8. O-O a6  9. Ne1 Ne8 10. Nd3 f5 11. a4 e4 12. Nf4 Nc7 13. h4 Nd7 14. Qb3 Rb8 15. f3 exf3  16. exf3 Ne5 17. Rd1 b6 18. Nce2 Bd7 19. Qc2 b5 20. axb5 axb5 21. cxb5 Rxb5 22.  Ra2 Qb8 23. Bd2 Qb7 24. Bc3 Ra8 25. Rxa8+ Qxa8 26. Qc1 Rb6 27. b4 Na6 28. bxc5  Nxc5 29. Qe3 Rb3 30. Nd4 Ra3 31. Qe1 Qa4 32. Kh1 Rxc3 0-1

[Event "Skopje ol (Men) fin-A"]
[Site "Skopje"]
[Date "1972.10.05"]
[Round "9.3"]
[White "Medina Garcia, Antonio Angel"]
[Black "Debarnot, Roberto Luis"]
[Result "1/2-1/2"]
[WhiteElo "2380"]
[BlackElo "2375"]

1. e4 e6 2. d4 d5 3. Nc3 Nf6 4. e5 Nfd7 5. f4 c5 6. Nf3 Nc6 7. Be3 Rb8 8. Qd2  Be7 9. g3 g6 10. Bg2 b5 11. O-O b4 12. Ne2 Ba6 13. Rfd1 Bxe2 14. Qxe2 Qb6 15.  c3 bxc3 16. bxc3 Qb2 17. Qe1 cxd4 18. Nxd4 Nxd4 19. Bxd4 Qa3 20. c4 dxc4 21.  Bc6 Rd8 22. Bf2 c3 23. Rxd7 Rxd7 24. Rd1 O-O 25. Bxd7 c2 26. Ra1 Rd8 27. Qd2  Qb2 28. Rc1 Ba3 29. Rxc2 Qb1+ 30. Kg2 Qb7+ 31. Kh3 Rxd7 32. Qc3 Qe4 33. Qc8+  Kg7 34. Qxd7 Qf5+ 35. Kg2 Qe4+ 36. Kh3 Qf5+ 37. Kg2 Qxc2 38. Qxa7 Qxa2 39. Qa5  Qb3 40. Qd8 Qb7+ 41. Kg1 Be7 42. Qd3 h5 43. h3 Qc6 44. Kh2 Qc1 45. Qd4 Qf1 46.  g4 Qe2 47. Kg3 Kh6 48. Qe3 Qd1 49. Qf3 Bh4+ 50. Kg2 Qd2 51. Qe3 Qc2 52. Qf3 Qd2  53. Qe3 Qc2 54. Qf3 Kg7 55. Qe3 Kg8 56. Qf3 Kg7 57. Qe3 g5 58. fxg5 hxg4 59.  hxg4 Qb2 60. Qf4 Bxf2 61. Qf6+ Kg8 62. Qxf2 Qxe5 63. Qh4 Qf4 64. Qh5 e5 65. Qh4  Kf8 66. g6 Qe4+ 67. Kf2 fxg6 68. Qd8+ Kg7 69. Qd7+ Kf6 70. Qd8+ Ke6 71. Qe8+  Kd6 72. Qd8+ Kc5 73. Qa5+ Kc4 74. Qa4+ Kd3 75. Qb3+ Kd2 76. Qb2+ Kd1 77. Qa1+  Kc2 78. Qa2+ 1/2-1/2

[Event "Skopje ol (Men) fin-A"]
[Site "Skopje"]
[Date "1972.10.05"]
[Round "9.3"]
[White "Pytel, Krzysztof"]
[Black "Timman, Jan H"]
[Result "1/2-1/2"]
[WhiteElo "2380"]
[BlackElo "2480"]

1. Nf3 Nf6 2. c4 e6 3. g3 b6 4. Bg2 Bb7 5. O-O Be7 6. Nc3 O-O 7. d4 Ne4 8. Bd2  d5 9. cxd5 exd5 10. Ne5 Nd7 11. Bf4 Ndf6 12. Rc1 c5 13. dxc5 Bxc5 14. Nd3 Nxc3  15. Rxc3 Bd6 16. Bxd6 Qxd6 17. Nf4 Qe5 18. Nd3 Qd6 19. e3 Ne4 20. Rc1 Ba6 21.  Re1 Qf6 22. Nf4 Qxb2 23. Rc2 Qa3 24. Qxd5 Qb4 1/2-1/2

[Event "Skopje ol (Men) fin-A"]
[Site "Skopje"]
[Date "1972.10.05"]
[Round "9.3"]
[White "Wirthensohn, Heinz"]
[Black "Radulov, Ivan"]
[Result "1/2-1/2"]
[WhiteElo "2315"]
[BlackElo "2490"]

1. c4 Nf6 2. Nf3 e6 3. g3 Be7 4. Bg2 O-O 5. O-O d5 6. d4 c6 7. b3 Nbd7 8. Qc2  b6 9. Rd1 Ba6 10. Nbd2 Rc8 11. Bb2 c5 12. a4 Rc7 13. Rac1 Qa8 14. Ne5 cxd4 15.  Bxd4 Bb7 16. Qb2 Rfc8 17. Nxd7 Rxd7 18. cxd5 Bxd5 19. Bxd5 Rxd5 20. Rxc8+ Qxc8  21. Rc1 Qd8 22. Nf3 h6 23. Rc4 Ne8 24. Qc2 Bf6 25. Rc8 Qe7 26. Bxf6 gxf6 27.  Kg2 Kg7 28. Rc4 f5 1/2-1/2

[Event "Skopje ol (Men) fin-A"]
[Site "Skopje"]
[Date "1972.10.05"]
[Round "9.4"]
[White "Csom, Istvan"]
[Black "Matanovic, Aleksandar"]
[Result "1/2-1/2"]
[WhiteElo "2485"]
[BlackElo "2515"]

1. Nf3 Nf6 2. g3 d5 3. Bg2 c6 4. O-O Bg4 5. b3 Nbd7 6. Bb2 e6 7. d3 Bd6 8. Nbd2  O-O 9. a3 a5 10. Re1 Re8 11. h3 Bxf3 12. Nxf3 e5 13. Nd2 Bc5 14. e4 dxe4 15.  dxe4 b5 16. Qe2 Nf8 17. Red1 Qc7 18. c3 N8d7 19. b4 Bf8 20. Nf1 Nb6 21. Ne3 Na4  22. Rab1 Nxb2 23. Rxb2 axb4 24. axb4 Red8 25. Rxd8 1/2-1/2

[Event "Skopje ol (Men) fin-A"]
[Site "Skopje"]
[Date "1972.10.05"]
[Round "9.4"]
[White "Dueball, Juergen"]
[Black "Pedersen, Eigil"]
[Result "1/2-1/2"]
[WhiteElo "2425"]
[BlackElo "2370"]

1. Nf3 Nf6 2. c4 g6 3. d4 Bg7 4. g3 O-O 5. Bg2 d5 6. cxd5 Nxd5 7. O-O Nb6 8.  Nc3 a5 9. Bf4 c6 10. Qc1 Na6 11. Bh6 Nc7 12. Rd1 a4 13. Ne4 Re8 14. Bxg7 Kxg7  15. Nc5 Ne6 16. Qc2 Kg8 17. Ne5 Qc7 18. e3 Nxc5 19. Qxc5 Nd7 20. Nxd7 Bxd7 21.  Rac1 Ra5 22. Qc3 Qb6 23. d5 1/2-1/2

[Event "Skopje ol (Men) fin-A"]
[Site "Skopje"]
[Date "1972.10.05"]
[Round "9.4"]
[White "Hartoch, Robert G"]
[Black "Filipowicz, Andrzej"]
[Result "1/2-1/2"]
[WhiteElo "2430"]
[BlackElo "2405"]

1. Nf3 f5 2. g3 Nf6 3. Bg2 e6 4. O-O Be7 5. c4 O-O 6. b3 d6 7. d4 a5 8. Nc3 Na6  9. Bb2 c6 10. Ne1 Bd7 11. Nd3 Rb8 12. e4 fxe4 13. Nxe4 b5 14. Qe2 bxc4 15. bxc4  Nxe4 16. Bxe4 Bf6 17. Rab1 Nb4 18. a3 Nxd3 19. Qxd3 h6 20. Bc3 Qc7 21. Qd2 Qa7  22. Rxb8 Rxb8 23. Bc2 c5 24. dxc5 Bxc3 25. Qxc3 Qxc5 26. Qd3 Rf8 27. Qh7+ Kf7  1/2-1/2

[Event "Skopje ol (Men) fin-A"]
[Site "Skopje"]
[Date "1972.10.05"]
[Round "9.4"]
[White "Karpov, Anatoly"]
[Black "Jansa, Vlastimil"]
[Result "1/2-1/2"]
[WhiteElo "2630"]
[BlackElo "2480"]

1. e4 c5 2. Nf3 e6 3. d4 cxd4 4. Nxd4 Nc6 5. Nb5 d6 6. c4 Nf6 7. N1c3 a6 8. Na3  Be7 9. Be2 O-O 10. O-O b6 11. Be3 Bb7 12. Rc1 Ne5 13. Qd4 Ned7 14. Rfd1 Qc7 15.  f3 Rfe8 16. b4 Rab8 17. Nab1 Ba8 18. a3 Bf8 19. Nd2 h6 20. f4 Rbc8 21. Qd3 Qb8  22. Rc2 Red8 23. Bf3 Bb7 24. Rdc1 Kh8 25. Qe2 Be7 26. h4 Re8 27. Qf2 Ba8 28.  Qe2 Ng8 29. g3 Bf6 30. Qd3 Red8 31. Kg2 Be7 32. Nd1 Rc7 33. Bd4 Bf6 34. Bxf6  Ngxf6 35. Nf2 Rcc8 36. Nf1 Bc6 37. Ne3 b5 38. g4 Nb6 39. g5 bxc4 40. Nxc4 Ng8  1/2-1/2

[Event "Skopje ol (Men) fin-A"]
[Site "Skopje"]
[Date "1972.10.05"]
[Round "9.4"]
[White "Padevsky, Nikola"]
[Black "Gereben, Erno"]
[Result "1-0"]
[WhiteElo "2430"]
[BlackElo "2335"]

1. e4 e5 2. Nf3 Nc6 3. Bb5 a6 4. Ba4 d6 5. Bxc6+ bxc6 6. d4 exd4 7. Qxd4 Ne7 8.  Nc3 Ng6 9. h4 f6 10. h5 Ne5 11. b3 Qd7 12. Bb2 Qg4 13. O-O-O Qxg2 14. Nh4 Qg4  15. Kb1 Bd7 16. Rdg1 Qe6 17. f4 Nf7 18. Qb4 Bc8 19. Qa5 Qe7 20. Nf5 Bxf5 21.  exf5 Qd7 22. Ne4 O-O-O 23. Rd1 Kb7 24. Nc5+ dxc5 25. Rxd7 Rxd7 26. Qc3 Rd5 27.  Qe1 Bd6 28. Rg1 Nh6 29. Rxg7 Nxf5 30. Rg4 Nd4 31. Bc1 Rxh5 32. c3 Nf5 33. Qe4  Rd8 34. Rg1 Bf8 35. Qe6 Rd3 36. Qf7 Rh2 37. Qxf8 Rxc3 38. Qxf6 Nd4 39. Bb2 Rd3  40. Bxd4 Rxd4 41. Rc1 Kb6 42. Rc2 Rh1+ 43. Kb2 Rd5 44. b4 h5 45. bxc5+ Kb7 46.  Rc3 Rh2+ 47. Ka3 Rdd2 48. Rb3+ Ka7 49. Qxc6 Rxa2+ 50. Kb4 1-0

[Event "Skopje ol (Men) fin-A"]
[Site "Skopje"]
[Date "1972.10.05"]
[Round "9.4"]
[White "Ungureanu, Emil"]
[Black "Bisguier, Arthur Bernard"]
[Result "1/2-1/2"]
[WhiteElo "2410"]
[BlackElo "2430"]

1. d4 Nf6 2. c4 e6 3. Nc3 Bb4 4. e3 b6 5. Bd3 Bb7 6. Nf3 O-O 7. O-O d5 8. a3  Bd6 9. b4 dxc4 10. Bxc4 a5 11. b5 Nbd7 12. Bb2 Qe7 13. Ne2 Rad8 14. Ng3 Ne4 15.  Qe2 f5 16. Nxe4 fxe4 17. Ne5 Rf5 18. Qg4 Rdf8 19. Nc6 Bxc6 20. bxc6 b5 21. Bb3  a4 22. Ba2 Nb6 23. Qxe4 Nd5 24. f4 Kh8 25. g4 R5f7 26. Kh1 Qh4 27. Bxd5 exd5  28. Qxd5 Qxg4 29. Qf3 Qh4 30. d5 Bxf4 31. exf4 Rxf4 32. Qe2 Rxf1+ 33. Rxf1  Rxf1+ 34. Qxf1 Qe4+ 35. Kg1 Qg4+ 36. Kf2 Qf5+ 37. Kg1 Qg4+ 38. Qg2 Qd1+ 39. Kf2  Qd2+ 40. Kg3 Qg5+ 41. Kh3 Qh5+ 42. Kg3 Qg5+ 43. Kf2 Qd2+ 44. Kg1 Qd1+ 45. Qf1  1/2-1/2

[Event "Skopje ol (Men) fin-A"]
[Site "Skopje"]
[Date "1972.10.05"]
[Round "9.4"]
[White "Vogt, Lothar"]
[Black "Uddenfeldt, Dan"]
[Result "1-0"]
[WhiteElo "2390"]
[BlackElo "2270"]

1. e4 Nf6 2. e5 Nd5 3. d4 d6 4. Nf3 Bg4 5. Be2 e6 6. O-O Nc6 7. c4 Nb6 8. exd6  cxd6 9. d5 exd5 10. cxd5 Bxf3 11. gxf3 Ne5 12. Bb5+ Ned7 13. Qd4 Qf6 14. Re1+  Be7 15. Qxf6 gxf6 16. Nc3 a6 17. Be2 Ne5 18. f4 Rg8+ 19. Kf1 Ng4 20. Bd3 f5 21.  Bxf5 Nxh2+ 22. Ke2 Ng4 23. Bxh7 Rh8 24. Rh1 Nf6 25. Be4 O-O-O 26. Rxh8 Rxh8 27.  Bf3 Rh2 28. b3 Nbd7 29. Be3 Nh5 30. Rg1 f5 31. Kd3 Rh3 32. Bxh5 Rxh5 33. Ne2  Rh7 34. Rg8+ Nf8 35. Ng3 Rf7 36. Rh8 Kd7 37. Rh5 Nh7 38. Rxf5 Rxf5 39. Nxf5 Nf6  40. Nxe7 Kxe7 41. Kd4 Kf7 42. f5 1-0

[Event "Skopje ol (Men) fin-A"]
[Site "Skopje"]
[Date "1972.10.07"]
[Round "10.1"]
[White "Donner, Jan Hein"]
[Black "Garcia, Raimundo"]
[Result "1/2-1/2"]
[WhiteElo "2470"]
[BlackElo "2420"]

1. d4 Nf6 2. c4 c5 3. d5 e5 4. Nc3 d6 5. e4 Nbd7 6. Be2 Be7 7. Be3 O-O 8. h4 a6  9. a4 Ne8 10. Nf3 Nc7 11. g3 Rb8 12. Nd2 Re8 13. Kf1 b5 14. Kg2 Nf6 15. Rb1 a5  16. f4 exf4 17. gxf4 Bf8 18. Bf2 Qd7 19. Bg3 Ng4 20. Bxg4 Qxg4 21. Qxg4 Bxg4  22. e5 f5 23. Nf1 g6 24. h5 gxh5 25. Ne3 Bg7 26. Nxg4 hxg4 27. Rh5 Rf8 28. exd6  Ne8 29. Nxb5 Rd8 30. Bh4 Bf6 31. Rh1 Rd7 32. Rxf5 Bxh4 33. Rxf8+ Kxf8 34. Rxh4  Nf6 35. f5 Kg7 36. Kg3 Rd8 37. Nc7 Rxd6 38. Rxg4+ Nxg4 39. Ne8+ Kh6 40. Nxd6  Kg5 41. Nc8 Kxf5 42. Nb6 Nf6 43. Nc8 Ke5 44. Kh4 Nxd5 45. cxd5 Kxd5 46. Ne7+  Kc4 47. Nc6 Kb3 48. Nxa5+ Kxa4 1/2-1/2

[Event "Skopje ol (Men) fin-A"]
[Site "Skopje"]
[Date "1972.10.07"]
[Round "10.1"]
[White "Uhlmann, Wolfgang"]
[Black "Hug, Werner"]
[Result "0-1"]
[WhiteElo "2530"]
[BlackElo "2475"]

1. c4 e6 2. Nc3 f5 3. e4 fxe4 4. Nxe4 Nf6 5. Ng3 Nc6 6. Nf3 e5 7. Be2 Bc5 8.  O-O d6 9. a3 a5 10. b3 O-O 11. Bb2 Bg4 12. h3 Bxf3 13. Bxf3 Bd4 14. Bxc6 Bxb2  15. Bxb7 Bxa1 16. Bxa8 Bb2 17. Bc6 Bxa3 18. d4 Bb2 19. Nf5 Bxd4 20. Nxd4 exd4  21. Qxd4 Qb8 22. Qe3 Qb6 23. Qe6+ Kh8 24. Qe7 Rb8 25. Ba4 Ng8 26. Qf7 Nh6 27.  Qf3 Kg8 28. Re1 Rf8 29. Qd5+ Kh8 30. Re3 Qb4 31. g4 Ng8 32. g5 Qb6 33. Bc6 Ne7  34. Rxe7 Qxf2+ 35. Kh1 Qf1+ 36. Kh2 Rf2+ 37. Kg3 Qg1+ 38. Qg2 Rxg2+ 39. Bxg2  Kg8 40. Rxc7 Qe3+ 41. Kg4 Qd4+ 42. Kg3 Qe3+ 43. Kg4 Qxb3 44. Bd5+ Kf8 45. Rf7+  Ke8 46. Rxg7 Qd3 47. Rg8+ Ke7 48. Rg7+ Kd8 49. Rf7 a4 50. Rf3 Qd1 51. Kg3 Qc1  52. Kg4 a3 53. c5 Qxc5 54. Bb3 Qa5 55. Ba2 Qb4+ 56. Kg3 Qe1+ 57. Rf2 Qe3+ 58.  Kg2 Qxg5+ 59. Kf3 d5 60. h4 Qxh4 61. Bxd5 Qf6+ 62. Ke3 Qe5+ 63. Be4 Qc5+ 0-1

[Event "Skopje ol (Men) fin-A"]
[Site "Skopje"]
[Date "1972.10.07"]
[Round "10.2"]
[White "Byrne, Robert E"]
[Black "Bilek, Istvan"]
[Result "1/2-1/2"]
[WhiteElo "2560"]
[BlackElo "2485"]

1. e4 c5 2. Nf3 d6 3. d4 cxd4 4. Nxd4 Nf6 5. Nc3 g6 6. Be3 Bg7 7. f3 Nc6 8. Qd2  O-O 9. Bc4 Bd7 10. O-O-O Ne5 11. Bb3 Rc8 12. Kb1 Nc4 13. Bxc4 Rxc4 14. g4 Qc8  15. h4 h5 16. g5 Ne8 17. Nd5 Qd8 18. Qd3 Rc8 19. f4 Nc7 20. Nxc7 Qxc7 21. f5  Qc4 22. Rhf1 Rfe8 23. Rf2 b6 24. b3 Qxd3 1/2-1/2

[Event "Skopje ol (Men) fin-A"]
[Site "Skopje"]
[Date "1972.10.07"]
[Round "10.2"]
[White "Ivkov, Borislav"]
[Black "Darga, Klaus"]
[Result "1/2-1/2"]
[WhiteElo "2520"]
[BlackElo "2540"]

1. c4 Nf6 2. Nc3 e6 3. Nf3 d5 4. d4 Be7 5. Bg5 O-O 6. Rc1 Nbd7 7. e3 a6 8. a3  dxc4 9. Bxc4 b5 10. Ba2 c5 11. O-O Bb7 12. Bb1 Rc8 13. dxc5 Nxc5 14. Qe2 Nd5  15. Bxe7 Qxe7 16. Qc2 g6 17. Nxd5 Bxd5 18. b4 Bxf3 19. gxf3 Qg5+ 20. Kh1 Qh5  21. bxc5 Qxf3+ 22. Kg1 1/2-1/2

[Event "Skopje ol (Men) fin-A"]
[Site "Skopje"]
[Date "1972.10.07"]
[Round "10.2"]
[White "Jansson, Borje"]
[Black "Pytel, Krzysztof"]
[Result "1/2-1/2"]
[WhiteElo "2410"]
[BlackElo "2380"]

1. Nf3 f5 2. g3 Nf6 3. Bg2 e6 4. O-O Be7 5. c4 O-O 6. d4 Ne4 7. Nbd2 Bf6 8. Qc2  d5 9. Ne5 Nd7 10. Ndf3 Nxe5 11. dxe5 Be7 12. Ne1 c6 13. Nd3 b6 14. f3 Nc5 15.  Be3 Nxd3 16. exd3 Bb7 17. cxd5 cxd5 18. Qa4 d4 19. Bd2 Qd5 20. Qc4 Rfc8 21.  Qxd5 Bxd5 22. Rfc1 b5 23. f4 Bxg2 24. Kxg2 Kf7 25. Rxc8 Rxc8 26. Rc1 1/2-1/2